|
|
|
|
| LEADER |
00000nam a2200000 a 4500 |
| 001 |
vtls008185839 |
| 003 |
SK-MaSNL |
| 005 |
20260224204035.0 |
| 008 |
130117s xo u 000 0 slo |
| 015 |
|
|
|a SNBN2013
|
| 040 |
|
|
|a SNK
|b slo
|c SNK
|e AACR2
|
| 245 |
0 |
0 |
|a STN ISO 10651-6 Pľúcne ventilátory na zdravotnícke použitie. Osobitné požiadavky na základnú bezpečnosť a hlavné zhotovenie
|n Časť 6
|p Zariadenia na podporu dýchania pre domácu starostlivosť
|
| 260 |
|
|
|a Bratislava
|b Slovenský ústav technickej normalizácie
|c 2005
|
| 300 |
|
|
|a 36 s.
|
| 999 |
|
|
|c 1163515
|d 1165445
|
| 952 |
|
|
|a SNK
|b SNK
|y PREZ
|7 0
|p 17A0479663
|o snkSTN EN ISO 10651-6
|i snk2005/12881
|8 0
|0 0
|1 0
|4 0
|d 2005-07-22
|l 0
|r 2026-02-24 20:40:35
|w 2026-02-24
|
| 952 |
|
|
|a SNK
|b SNK
|y PREZ
|7 0
|p 17A0479664
|o snkSTN EN ISO 10651-6 D1
|i snk2005/12883
|8 0
|0 0
|1 0
|4 0
|d 2005-07-22
|l 0
|r 2026-02-24 20:40:36
|w 2026-02-24
|